| 000 | 00557nam a22001817a 4500 | ||
|---|---|---|---|
| 003 | OSt | ||
| 005 | 20140310182529.0 | ||
| 008 | 130813t xxu||||| |||| 00| 0 eng d | ||
| 020 | _a9780323054102 | ||
| 050 |
_aRC 78.4 _b.B66 2010 |
||
| 100 |
_aBontrager, Kenneth L. _97485 |
||
| 245 |
_aTextbook of radiographic positioning and related anatomy / _cKenneth Bontrager and John Lampignano. |
||
| 260 |
_aChina : _bElsevier Inc., _c2010. |
||
| 300 |
_a841 p. ; _bill. col. ; _c30 cm. |
||
| 700 |
_aLampignano, John P. _97491 |
||
| 942 | _2lcc | ||
| 999 |
_c14118 _d14118 |
||